000
00289nam a2200109Ia 4500
008
200302s9999 xx 000 0 und d
100
_a
Savita Kumari and B. R. Mani
245
_a
Tombs of Delhi Sultanate Period
260
_b
Bharatiya Kala Prakahan Delhi
260
_c
2006
300
_a
75 P.,
999
_c
3894
_d
3894